[Event "NOR-chT Eliteserien 2018-19"]
[Site "Norway"]
[Date "2018.11.04"]
[Round "3"]
[White "Ranaldi, Lucas"]
[Black "Ekeberg, Carl Fredrik"]
[Result "1-0"]
[WhiteElo "2305"]
[BlackElo "2280"]
[Annotator "broadcasts"]
[PlyCount "65"]
[EventDate "2018.11.02"]
[EventType "team-tourn"]
[EventCountry "NOR"]
[TimeControl "40/5400+30:1800+30"]

1. c4 {[%emt 0:01:46]} e6 {[%emt 0:00:27]} 2. g3 {[%emt 0:00:43]} d5 {[%emt 0:00:36]} 3. Bg2 {[%emt 0:00:06]} Nf6 {[%emt 0:00:11]} 4. Nf3 {[%emt 0:00:04]} dxc4 {[%emt 0:00:55]} 5. Qa4+ {[%emt 0:00:08]} Bd7 {[%emt 0:00:08]} 6. Qxc4 {[%emt 0:00:08]} c5 {[%emt 0:00:15]} 7. Ne5 {[%emt 0:00:34]} Qc8 {[%emt 0:00:51]} 8. O-O {[%emt 0:00:28]} Nc6 {[%emt 0:03:45]} 9. Nxd7 {[%emt 0:00:12]} Qxd7 {[%emt 0:00:09]} 10. Nc3 {[%emt 0:00:34]} Rc8 {[%emt 0:02:50]} 11. Qa4 {[%emt 0:01:14]} b6 {[%emt 0:17:54]} 12. d3 {[%emt 0:15:23]} Be7 {[%emt 0:01:52]} 13. Be3 {[%emt 0:00:10]} O-O {[%emt 0:02:26]} 14. Rac1 {[%emt 0:04:36]} Rfd8 {[%emt 0:03:06]} 15. Rfd1 {[%emt 0:01:27]} Ne8 {[%emt 0:04:08]} 16. Ne4 {[%emt 0:12:38]} Nf6 {[%emt 0:20:17]} 17. Nc3 {[%emt 0:15:54]} Ne8 {[%emt 0:00:12]} 18. Ne4 {[%emt 0:00:22]} Nf6 {[%emt 0:02:12]} 19. Bd2 {[%emt 0:02:24]} Nd5 {[%emt 0:06:31]} 20. Kf1 {[%emt 0:04:21]} h6 {[%emt 0:03:07]} 21. Rb1 {[%emt 0:05:29]} a5 {[%emt 0:06:45]} 22. Rbc1 {[%emt 0:02:48]} Qb7 {[%emt 0:03:49]} 23. Nc3 {[%emt 0:02:13]} Bf6 {[%emt 0:01:58]} 24. Qg4 {[%emt 0:09:10]} Qd7 {[%emt 0:08:25]} 25. Nxd5 {[%emt 0:01:07]} exd5 {[%emt 0:00:08]} 26. Qxd7 {[%emt 0:00:24]} Rxd7 {[%emt 0:00:02]} 27. Bh3 {[%emt 0:00:15]} Rcd8 {[%emt 0:01:54]} 28. Bxd7 {[%emt 0:00:08]} Rxd7 {[%emt 0:00:04]} 29. Bc3 {[%emt 0:02:29]} Be7 {[%emt 0:00:41]} 30. e3 {[%emt 0:06:05]} b5 {[%emt 0:01:06]} 31. Bd4 {[%emt 0:05:51]} c4 {[%emt 0:03:33]} 32. dxc4 {[%emt 0:00:27]} dxc4 {[%emt 0:00:52]} 33. a4 {[%emt 0:01:30]} 1-0

[Event "NOR-chT Eliteserien 2018-19"]
[Site "Norway"]
[Date "2018.11.04"]
[Round "3"]
[White "Gabrielsen, Trond"]
[Black "Gudbrandsen, Gustav"]
[Result "1-0"]
[WhiteElo "2291"]
[BlackElo "2265"]
[Annotator "broadcasts"]
[PlyCount "59"]
[EventDate "2018.11.02"]
[EventType "team-tourn"]
[EventCountry "NOR"]
[TimeControl "40/5400+30:1800+30"]

1. e4 {[%emt 0:00:00]} e6 {[%emt 0:00:03]} 2. d4 {[%emt 0:00:00]} d5 {[%emt 0:00:15]} 3. Nc3 {[%emt 0:00:08]} Nf6 {[%emt 0:00:48]} 4. e5 {[%emt 0:00:23]} Nfd7 {[%emt 0:00:17]} 5. f4 {[%emt 0:00:07]} c5 {[%emt 0:00:18]} 6. Nf3 {[%emt 0:00:06]} Nc6 {[%emt 0:00:19]} 7. Be3 {[%emt 0:00:20]} a6 {[%emt 0:01:20]} 8. Qd2 {[%emt 0:01:39]} b5 {[%emt 0:01:51]} 9. dxc5 {[%emt 0:00:46]} Bxc5 {[%emt 0:02:20]} 10. Bd3 {[%emt 0:01:21]} Qb6 {[%emt 0:04:01]} 11. Bf2 {[%emt 0:00:17]} Nb4 {[%emt 0:06:57]} 12. O-O {[%emt 0:03:07]} Nxd3 {[%emt 0:04:48]} 13. cxd3 {[%emt 0:00:54]} Bxf2+ {[%emt 0:16:32]} 14. Qxf2 {[%emt 0:03:49]} b4 {[%emt 0:05:27]} 15. Na4 {[%emt 0:25:17]} Qxf2+ {[%emt 0:08:19]} 16. Kxf2 {[%emt 0:01:05]} a5 {[%emt 0:00:21]} 17. Rfc1 {[%emt 0:02:29]} Ba6 {[%emt 0:00:51]} 18. Ke3 {[%emt 0:01:01]} Ke7 {[%emt 0:08:25]} 19. Rc7 {[%emt 0:26:51]} Bb5 {[%emt 0:02:57]} 20. Nb6 {[%emt 0:02:29]} Ra6 {[%emt 0:00:23]} 21. Nc8+ {[%emt 0:13:10]} Kd8 {[%emt 0:01:03]} 22. Rac1 {[%emt 0:03:42]} Bc4 {[%emt 0:04:23]} 23. Ra7 {[%emt 0:00:24]} Rxa7 {[%emt 0:03:06]} 24. Nxa7 {[%emt 0:00:07]} Ba6 {[%emt 0:00:23]} 25. Nd4 {[%emt 0:09:03]} Nb8 {[%emt 0:05:28]} 26. Nac6+ {[%emt 0:01:36]} Nxc6 {[%emt 0:01:05]} 27. Rxc6 {[%emt 0:00:51]} Bb7 {[%emt 0:00:53]} 28. Rc5 {[%emt 0:00:08]} Kd7 {[%emt 0:01:02]} 29. Rxa5 {[%emt 0:00:11]} Kc7 {[%emt 0:00:51]} 30. Rc5+ {[%emt 0:00:25]} 1-0

[Event "NOR-chT Eliteserien 2018-19"]
[Site "Norway"]
[Date "2018.11.04"]
[Round "3"]
[White "Aulin-Jansson, Joran"]
[Black "Gandrud, Vegar Koi"]
[Result "1-0"]
[WhiteElo "2274"]
[BlackElo "2320"]
[Annotator "TA"]
[PlyCount "111"]
[EventDate "2018.11.02"]
[EventType "team-tourn"]
[EventCountry "NOR"]

{[%evp 19,111,-31,-30,-73,-56,-76,-73,-100,-66,-79,-72,-88,-66,-175,-64,-65,-45,-56,-41,-68,-39,-41,-43,-91,-62,-118,-7,-20,-31,-23,-10,-7,38,-33,0,-1,0,0,0,0,0,0,0,0,27,27,27,20,33,37,33,25,43,16,41,19,15,8,119,103,160,160,168,175,169,153,152,118,243,211,235,211,230,230,1085,1103,7243,6638,6072,4868,29973,29973,29977,29977,29985,29986,29987,29988,29988,29984,29980,29977,29957,12273]} 1. Nf3 c5 2. g3 g6 3. Bg2 Bg7 4. O-O Nc6 5. e4 d6 6. d3 e6 {[%cal Be7e6,Be6e5][%mdl 32]} 7. Re1 Nge7 8. Nbd2 O-O 9. h4 h6 10. c3 {A04: Unusual lines after 1 Nf3 and King's Indian Attack} (10. a4 e5 11. c3 f5 12. b4 f4 13. Bb2 Bg4 14. Qb3+ Kh8 15. d4 fxg3 16. fxg3 exd4 17. cxd4 Nxd4 18. Nxd4 cxd4 {0-1 (27) Ranola,Y (2373)-Mozharov,M (2573) Olongapo City 2015}) 10... e5 {LiveBook: 6 Games} 11. h5 g5 12. Nh2 {Black is slightly better.} f5 13. exf5 Nxf5 $146 ({Predecessor:} 13... Bxf5 14. Ndf1 Be6 15. Qe2 Qd7 16. Ne3 Kh8 17. Bd2 {0-1 (53) Alster,L-Stahlberg,G Wageningen 1957}) 14. Nc4 Be6 15. Ne3 Nxe3 16. fxe3 {[#]} (16. Bxe3 $15 Qd7 17. Rc1) 16... Qd7 ({Don't do} 16... Qf6 17. Rf1 $17) (16... e4 $1 $19 {[%mdl 512]} 17. dxe4 Be5) 17. e4 $15 Rf7 18. Be3 Raf8 19. Qe2 b5 20. Rf1 Rxf1+ 21. Rxf1 Rxf1+ 22. Bxf1 (22. Qxf1 $15 Bxa2 23. Bh3) 22... b4 (22... Bxa2 $17 23. Bg2 Bf7) 23. a3 bxa3 24. bxa3 Qb7 25. Qc2 Qb3 26. Qc1 (26. Qxb3 $14 Bxb3 27. Be2) 26... Bf7 27. Be2 c4 28. dxc4 Bxc4 29. Bd1 Qb7 30. Qd2 Qb1 {Strongly threatening ...Bb3.} 31. Qc2 Bd3 (31... Qa1 {looks sharper.} 32. Nf1 Na5 33. Qc1 Qa2 34. Qd2 Qb1) 32. Qxb1 Bxb1 33. Bb3+ Kf8 34. Bd5 Ne7 35. Bb7 a6 36. Nf3 Ng8 37. Nd2 Bd3 38. c4 Nf6 (38... Bf6 $11 {keeps the balance.}) 39. Bxa6 Nxe4 ({Better is} 39... Nd7) 40. Nxe4 $16 Bxe4 {[%mdl 4096] Endgame KBB-KBB} 41. a4 Ke8 42. a5 Kd7 43. Bb5+ Kc8 (43... Ke6 $16) 44. a6 $18 Ba8 45. Kf2 Bf6 46. Be8 Bd8 $2 (46... d5) 47. Bf7 Ba5 48. Bd5 Bxd5 49. cxd5 {KB-KB} Bc3 50. Kf3 {White mates.} Bd4 {[#]} 51. Bxg5 $1 {[%mdl 512]} hxg5 52. Ke4 Bb6 53. h6 Bd8 54. a7 Kb7 {[#]} 55. a8=Q+ $1 {[%mdl 576] Promotion} Kxa8 {[#]} 56. Kf5 $1 {Accuracy: White = 60%, Black = 33%.} 1-0

[Event "NOR-chT Eliteserien 2018-19"]
[Site "Norway"]
[Date "2018.11.04"]
[Round "3"]
[White "Nielsen, Andre"]
[Black "Rygg, Andreas Gangstad"]
[Result "1/2-1/2"]
[WhiteElo "2260"]
[BlackElo "1845"]
[Annotator "broadcasts"]
[PlyCount "84"]
[EventDate "2018.11.02"]
[EventType "team-tourn"]
[EventCountry "NOR"]
[TimeControl "40/5400+30:1800+30"]

1. e4 {[%emt 0:00:00]} c5 {[%emt 0:00:00]} 2. Nf3 {[%emt 0:00:00]} Nc6 {[%emt 0:00:00]} 3. d4 {[%emt 0:00:00]} cxd4 {[%emt 0:00:00]} 4. Nxd4 {[%emt 0:00:11]} g6 {[%emt 0:00:00]} 5. Nc3 {[%emt 0:00:52]} Bg7 {[%emt 0:00:04]} 6. Be3 {[%emt 0:00:14]} Nf6 {[%emt 0:00:10]} 7. Bc4 {[%emt 0:01:05]} O-O {[%emt 0:00:09]} 8. Bb3 {[%emt 0:00:18]} d6 {[%emt 0:00:25]} 9. f3 {[%emt 0:00:33]} Bd7 {[%emt 0:00:19]} 10. Qd2 {[%emt 0:00:46]} Nxd4 {[%emt 0:00:13]} 11. Bxd4 {[%emt 0:00:12]} b5 {[%emt 0:00:11]} 12. Nd5 {[%emt 0:09:41]} Nxd5 {[%emt 0:10:40]} 13. Bxg7 {[%emt 0:02:36]} Kxg7 {[%emt 0:01:07]} 14. exd5 {[%emt 0:01:02]} Qb6 {[%emt 0:07:10]} 15. O-O-O {[%emt 0:13:21]} a5 {[%emt 0:04:07]} 16. c3 {[%emt 0:02:19]} b4 {[%emt 0:17:08]} 17. Qd4+ {[%emt 0:09:24]} Qxd4 {[%emt 0:00:08]} 18. Rxd4 {[%emt 0:00:10]} bxc3 {[%emt 0:07:11]} 19. bxc3 {[%emt 0:00:14]} Rfc8 {[%emt 0:00:52]} 20. Kd2 {[%emt 0:02:08]} Rcb8 {[%emt 0:11:03]} 21. Re1 {[%emt 0:18:09]} a4 {[%emt 0:04:15]} 22. Bc2 {[%emt 0:01:23]} e6 {[%emt 0:13:18]} 23. Rb1 {[%emt 0:14:57]} exd5 {[%emt 0:03:12]} 24. Rxd5 {[%emt 0:01:54]} Be6 {[%emt 0:00:29]} 25. Rxd6 {[%emt 0:03:24]} Bxa2 {[%emt 0:00:20]} 26. Rxb8 {[%emt 0:01:10]} Rxb8 {[%emt 0:00:02]} 27. Bxa4 {[%emt 0:05:11]} Rb2+ {[%emt 0:00:53]} 28. Ke3 {[%emt 0:00:09]} Rxg2 {[%emt 0:02:46]} 29. Rd2 {[%emt 0:00:24]} Rxd2 {[%emt 0:00:05]} 30. Kxd2 {[%emt 0:00:04]} g5 {[%emt 0:00:56]} 31. Ke3 {[%emt 0:02:28]} Kf6 {[%emt 0:03:40]} 32. Bb5 {[%emt 0:01:33]} Ke5 {[%emt 0:00:58]} 33. c4 {[%emt 0:02:08]} f5 {[%emt 0:01:23]} 34. c5 {[%emt 0:01:28]} Bd5 {[%emt 0:01:43]} 35. Bd7 {[%emt 0:01:01]} h6 {[%emt 0:05:00]} 36. Be8 {[%emt 0:01:40]} Ke6 {[%emt 0:03:17]} 37. f4 {[%emt 0:02:19]} Be4 {[%emt 0:03:20]} 38. fxg5 {[%emt 0:03:32]} hxg5 {[%emt 0:00:05]} 39. Kd4 {[%emt 0:00:15]} Bb7 {[%emt 0:01:09]} 40. c6 {[%emt 0:00:00]} Bxc6 {[%emt 0:00:00]} 41. Bxc6 {[%emt 0:01:22]} Kf6 {[%emt 0:00:20]} 42. Bg2 {[%emt 0:01:35]} f4 {[%emt 0:00:33]} 1/2-1/2

[Event "NOR-chT Eliteserien 2018-19"]
[Site "Norway"]
[Date "2018.11.04"]
[Round "3"]
[White "David, Edwin"]
[Black "Mikalsen, Erlend"]
[Result "0-1"]
[WhiteElo "2218"]
[BlackElo "2368"]
[Annotator "broadcasts RC"]
[PlyCount "80"]
[EventDate "2018.11.02"]
[EventType "team-tourn"]
[EventCountry "NOR"]
[TimeControl "40/5400+30:1800+30"]

1. e4 {[%emt 0:00:00]} c5 {[%emt 0:00:00]} 2. Nf3 {[%emt 0:00:00]} d6 {[%emt 0:00:00]} 3. d4 {[%emt 0:00:00]} cxd4 {[%emt 0:00:00]} 4. Nxd4 {[%emt 0:00:00]} Nf6 {[%emt 0:00:00]} 5. Nc3 {[%emt 0:00:00]} Nc6 {[%emt 0:00:00]} 6. Be2 {[%emt 0:07:57]} e5 {[%emt 0:00:06]} 7. Nb3 {[%emt 0:01:25]} Be7 {[%emt 0:00:30]} 8. O-O {[%emt 0:01:15]} O-O {[%emt 0:04:22]} 9. f3 {[%emt 0:06:50]} Be6 {[%emt 0:02:04]} 10. Nd5 {[%emt 0:03:55]} a5 {[%emt 0:02:25]} 11. Nxe7+ {[%emt 0:13:17]} Qxe7 {[%emt 0:00:57]} 12. Bg5 {[%emt 0:03:06]} a4 {[%emt 0:03:01]} 13. Nd2 {[%emt 0:05:25]} d5 {[%emt 0:00:39]} 14. Kh1 {[%emt 0:00:25]} h6 {[%emt 0:08:39]} 15. Bh4 {[%emt 0:00:47]} g5 {[%emt 0:05:23]} 16. Bf2 {[%emt 0:00:50]} Qb4 {[%emt 0:00:48]} 17. Qc1 {[%emt 0:05:55]} Ne7 {[%emt 0:06:30]} 18. a3 {[%emt 0:02:15]} Qd6 {[%emt 0:00:02]} 19. h4 {[%emt 0:04:06]} Ng6 {[%emt 0:00:24]} 20. exd5 {[%emt 0:02:19]} Bxd5 {[%emt 0:05:22]} 21. Nc4 {[%emt 0:04:52]} Qe6 {[%emt 0:01:08]} 22. Nb6 {[%emt 0:01:47]} Nf4 {[%emt 0:00:37]} 23. Nxa8 {[%emt 0:05:55]} Rxa8 {[%emt 0:03:03]} 24. Qe3 {[%emt 0:03:35]} N6h5 {[%emt 0:10:45]} 25. Rg1 {[%emt 0:06:00]} Qf6 {[%emt 0:04:15]} 26. Bd3 {[%emt 0:10:10]} gxh4 {[%emt 0:04:17]} 27. Be4 {[%emt 0:00:47]} Ng3+ {[%emt 0:08:40]} 28. Kh2 {[%emt 0:00:06]} Kh8 {[%emt 0:04:49]} 29. Rae1 {[%emt 0:03:49]} Bxe4 {[%emt 0:00:11]} 30. fxe4 {[%emt 0:00:08]} Rg8 {[%emt 0:00:29]} 31. Qf3 {[%emt 0:00:10]} Qc6 {[%emt 0:00:59]} 32. Be3 {[%emt 0:04:17]} Nfh5 {[%emt 0:01:51]} 33. Qxf7 {[%emt 0:00:44]} Nf6 {[%emt 0:00:04]} 34. Rgf1 {[%emt 0:02:07]} Nxf1+ {[%emt 0:03:05]} 35. Rxf1 {[%emt 0:00:04]} Ng4+ {[%emt 0:00:03]} 36. Kg1 {[%emt 0:01:41]} Qxe4 {[%emt 0:02:26]} 37. Bc5 {[%emt 0:01:09]} Ne3 {[%emt 0:01:42]} 38. Rf3 {[%emt 0:01:02]} Nxg2 {[%emt 0:01:18]} 39. Qf6+ {[%emt 0:00:42]} Kh7 {[%emt 0:00:01]} 40. Kh2 {[%emt 0:00:00]} Nf4 {[%emt 0:00:00]} 0-1

[Event "NOR-chT Eliteserien 2018-19"]
[Site "Norway"]
[Date "2018.11.04"]
[Round "3"]
[White "Abdrlauf, Elham"]
[Black "Machlik, Endre"]
[Result "0-1"]
[WhiteElo "2160"]
[BlackElo "2154"]
[Annotator "broadcasts"]
[PlyCount "64"]
[EventDate "2018.11.02"]
[EventType "team-tourn"]
[EventCountry "NOR"]
[TimeControl "40/5400+30:1800+30"]

1. e4 {[%emt 0:00:00]} c6 {[%emt 0:04:20]} 2. d4 {[%emt 0:00:58]} d5 {[%emt 0:00:04]} 3. Nc3 {[%emt 0:01:03]} dxe4 {[%emt 0:00:15]} 4. Nxe4 {[%emt 0:00:04]} Bf5 {[%emt 0:00:13]} 5. Ng3 {[%emt 0:00:07]} Bg6 {[%emt 0:00:05]} 6. h4 {[%emt 0:00:55]} h6 {[%emt 0:00:05]} 7. Nh3 {[%emt 0:00:07]} Nf6 {[%emt 0:03:17]} 8. Nf4 {[%emt 0:00:25]} Bh7 {[%emt 0:01:00]} 9. Bc4 {[%emt 0:02:38]} e6 {[%emt 0:01:57]} 10. c3 {[%emt 0:01:11]} Bd6 {[%emt 0:04:06]} 11. Ngh5 {[%emt 0:06:03]} O-O {[%emt 0:02:57]} 12. Qf3 {[%emt 0:07:37]} Nbd7 {[%emt 0:03:45]} 13. Be3 {[%emt 0:24:27]} e5 {[%emt 0:06:41]} 14. Qg3 {[%emt 0:15:27]} Ne8 {[%emt 0:11:40]} 15. dxe5 {[%emt 0:07:15]} Nxe5 {[%emt 0:00:28]} 16. Bb3 {[%emt 0:05:24]} Nd3+ {[%emt 0:01:54]} 17. Ke2 {[%emt 0:00:44]} Nxb2 {[%emt 0:13:54]} 18. Bd4 {[%emt 0:07:26]} Nd3 {[%emt 0:00:30]} 19. Be3 {[%emt 0:04:31]} Qa5 {[%emt 0:02:20]} 20. Bd2 {[%emt 0:08:59]} Rd8 {[%emt 0:04:30]} 21. Rhd1 {[%emt 0:04:38]} Nxf4+ {[%emt 0:08:06]} 22. Nxf4 {[%emt 0:00:02]} Nf6 {[%emt 0:00:07]} 23. c4 {[%emt 0:00:58]} Qe5+ {[%emt 0:00:07]} 24. Kf1 {[%emt 0:00:30]} Ne4 {[%emt 0:00:15]} 25. Qe3 {[%emt 0:00:30]} Nxd2+ {[%emt 0:00:15]} 26. Qxd2 {[%emt 0:00:30]} Qxf4 {[%emt 0:00:06]} 27. Qa5 {[%emt 0:00:29]} b6 {[%emt 0:01:11]} 28. Qxa7 {[%emt 0:00:30]} Bc5 {[%emt 0:00:09]} 29. f3 {[%emt 0:00:31]} Qe3 {[%emt 0:00:13]} 30. Qxf7+ {[%emt 0:00:30]} Kxf7 {[%emt 0:00:08]} 31. Rd2 {[%emt 0:00:30]} Rxd2 {[%emt 0:00:10]} 32. Re1 {[%emt 0:00:30]} Qf2# {[%emt 0:00:05]} 0-1

[Event "NOR-chT Eliteserien 2018-19"]
[Site "Norway"]
[Date "2018.11.04"]
[Round "3"]
[White "Diesen, Bruce"]
[Black "Lindbol, Aleksander"]
[Result "0-1"]
[WhiteElo "2159"]
[BlackElo "2141"]
[Annotator "broadcasts"]
[PlyCount "164"]
[EventDate "2018.11.02"]
[EventType "team-tourn"]
[EventCountry "NOR"]
[TimeControl "40/5400+30:1800+30"]

1. e4 {[%emt 0:00:00]} c6 {[%emt 0:00:00]} 2. d4 {[%emt 0:00:00]} d5 {[%emt 0:00:00]} 3. e5 {[%emt 0:00:03]} Bf5 {[%emt 0:00:33]} 4. Nf3 {[%emt 0:00:10]} e6 {[%emt 0:00:13]} 5. Be2 {[%emt 0:00:08]} Nd7 {[%emt 0:00:21]} 6. O-O {[%emt 0:00:15]} h6 {[%emt 0:00:25]} 7. Nbd2 {[%emt 0:00:33]} Ne7 {[%emt 0:00:09]} 8. Nb3 {[%emt 0:00:12]} g5 {[%emt 0:00:20]} 9. Bd2 {[%emt 0:05:08]} a5 {[%emt 0:00:48]} 10. a4 {[%emt 0:10:35]} Bg7 {[%emt 0:00:44]} 11. Bc3 {[%emt 0:09:58]} b6 {[%emt 0:09:13]} 12. Qd2 {[%emt 0:07:06]} Ng6 {[%emt 0:09:26]} 13. g3 {[%emt 0:16:23]} g4 {[%emt 0:19:26]} 14. Ne1 {[%emt 0:00:33]} f6 {[%emt 0:00:42]} 15. f4 {[%emt 0:12:07]} gxf3 {[%emt 0:04:22]} 16. Nxf3 {[%emt 0:04:34]} O-O {[%emt 0:04:50]} 17. Bd3 {[%emt 0:04:47]} fxe5 {[%emt 0:10:01]} 18. Nxe5 {[%emt 0:04:54]} Ngxe5 {[%emt 0:01:07]} 19. dxe5 {[%emt 0:00:37]} Bxd3 {[%emt 0:02:20]} 20. cxd3 {[%emt 0:01:17]} Qe8 {[%emt 0:05:28]} 21. Rxf8+ {[%emt 0:03:45]} Nxf8 {[%emt 0:00:49]} 22. Nc1 {[%emt 0:04:38]} Nh7 {[%emt 0:06:28]} 23. h4 {[%emt 0:08:13]} Qh5 {[%emt 0:06:48]} 24. Qe2 {[%emt 0:01:08]} Qg6 {[%emt 0:00:09]} 25. Kg2 {[%emt 0:00:24]} c5 {[%emt 0:01:35]} 26. d4 {[%emt 0:01:43]} cxd4 {[%emt 0:01:09]} 27. Bxd4 {[%emt 0:00:02]} Rc8 {[%emt 0:00:09]} 28. Nd3 {[%emt 0:00:18]} Rc4 {[%emt 0:03:48]} 29. Be3 {[%emt 0:02:16]} Qe4+ {[%emt 0:02:25]} 30. Kf2 {[%emt 0:00:03]} Bxe5 {[%emt 0:00:23]} 31. Rf1 {[%emt 0:01:15]} Nf6 {[%emt 0:05:06]} 32. Bf4 {[%emt 0:00:19]} Bd4+ {[%emt 0:03:02]} 33. Ke1 {[%emt 0:00:16]} Rxa4 {[%emt 0:00:11]} 34. Bxh6 {[%emt 0:00:27]} Ra1+ {[%emt 0:02:09]} 35. Kd2 {[%emt 0:00:24]} Rxf1 {[%emt 0:02:14]} 36. Qxf1 {[%emt 0:00:30]} Qg6 {[%emt 0:00:30]} 37. Bf4 {[%emt 0:00:30]} Ne4+ {[%emt 0:00:30]} 38. Kc1 {[%emt 0:00:30]} Qf5 {[%emt 0:00:30]} 39. Qd1 {[%emt 0:00:30]} e5 {[%emt 0:00:30]} 40. g4 {[%emt 0:00:30]} Qf6 {[%emt 0:00:30]} 41. Bh2 {[%emt 0:30:30]} Qxh4 {[%emt 0:30:30]} 42. Bg1 {[%emt 0:00:30]} Qh6+ {[%emt 0:00:30]} 43. Kb1 {[%emt 0:00:30]} Qh1 {[%emt 0:00:30]} 44. Qa4 {[%emt 0:00:30]} Qxg1+ {[%emt 0:00:30]} 45. Ka2 {[%emt 0:00:30]} Nf6 {[%emt 0:00:30]} 46. Qc6 {[%emt 0:00:30]} Qf1 {[%emt 0:00:30]} 47. Qe6+ {[%emt 0:00:30]} Kf8 {[%emt 0:00:30]} 48. g5 {[%emt 0:00:30]} Ne8 {[%emt 0:00:30]} 49. Nxe5 {[%emt 0:00:30]} Bxe5 {[%emt 0:00:30]} 50. Qxe5 {[%emt 0:00:30]} Qc4+ {[%emt 0:00:30]} 51. b3 {[%emt 0:00:30]} Qc2+ {[%emt 0:00:30]} 52. Ka3 {[%emt 0:00:30]} Qc5+ {[%emt 0:00:30]} 53. Ka2 {[%emt 0:00:30]} d4 {[%emt 0:00:30]} 54. Qh8+ {[%emt 0:00:30]} Ke7 {[%emt 0:00:30]} 55. Qh7+ {[%emt 0:00:30]} Kd8 {[%emt 0:00:30]} 56. g6 {[%emt 0:00:30]} Qf5 {[%emt 0:00:30]} 57. Qh4+ {[%emt 0:00:30]} Qf6 {[%emt 0:00:30]} 58. Qe4 {[%emt 0:00:30]} Ng7 {[%emt 0:00:30]} 59. Qa8+ {[%emt 0:00:30]} Kc7 {[%emt 0:00:30]} 60. Qa7+ {[%emt 0:00:30]} Kc6 {[%emt 0:00:30]} 61. Qa8+ {[%emt 0:00:30]} Kd6 {[%emt 0:00:30]} 62. Qe4 {[%emt 0:00:30]} Ne6 {[%emt 0:00:30]} 63. Qb7 {[%emt 0:00:30]} Kc5 {[%emt 0:00:30]} 64. Qc8+ {[%emt 0:00:30]} Kd5 {[%emt 0:00:30]} 65. Qb7+ {[%emt 0:00:30]} Ke5 {[%emt 0:00:30]} 66. Qxb6 {[%emt 0:00:30]} Qxg6 {[%emt 0:00:30]} 67. Qxa5+ {[%emt 0:00:30]} Kf6 {[%emt 0:00:30]} 68. Qd2 {[%emt 0:00:30]} Qe4 {[%emt 0:00:30]} 69. b4 {[%emt 0:00:30]} d3 {[%emt 0:00:30]} 70. Qc3+ {[%emt 0:00:30]} Qd4 {[%emt 0:00:30]} 71. Qd2 {[%emt 0:00:30]} Nf4 {[%emt 0:00:30]} 72. Kb3 {[%emt 0:00:30]} Kf5 {[%emt 0:00:30]} 73. b5 {[%emt 0:00:30]} Nd5 {[%emt 0:00:30]} 74. b6 {[%emt 0:00:30]} Qb4+ {[%emt 0:00:30]} 75. Qxb4 {[%emt 0:00:30]} Nxb4 {[%emt 0:00:30]} 76. b7 {[%emt 0:00:30]} Nc6 {[%emt 0:00:30]} 77. Kc3 {[%emt 0:00:30]} Ke4 {[%emt 0:00:30]} 78. Kd2 {[%emt 0:00:30]} Kd4 {[%emt 0:00:30]} 79. Kd1 {[%emt 0:00:30]} Ke3 {[%emt 0:00:30]} 80. Ke1 {[%emt 0:00:30]} d2+ {[%emt 0:00:30]} 81. Kd1 {[%emt 0:00:30]} Nb8 {[%emt 0:00:30]} 82. Kc2 {[%emt 0:00:30]} Ke2 {[%emt 0:00:30]} 0-1

[Event "NOR-chT Eliteserien 2018-19"]
[Site "Norway"]
[Date "2018.11.04"]
[Round "3"]
[White "Lahlum, Hans Olav"]
[Black "Gullaksen, Eirik"]
[Result "1/2-1/2"]
[WhiteElo "2115"]
[BlackElo "2356"]
[Annotator "broadcasts RC"]
[PlyCount "45"]
[EventDate "2018.11.02"]
[EventType "team-tourn"]
[EventCountry "NOR"]
[TimeControl "40/5400+30:1800+30"]

1. d4 {[%emt 0:00:21]} g6 {[%emt 0:00:00]} 2. e4 {[%emt 0:00:36]} Bg7 {[%emt 0:00:02]} 3. c4 {[%emt 0:03:14]} Nc6 {[%emt 0:00:44]} 4. Ne2 {[%emt 0:00:45]} e5 {[%emt 0:00:50]} 5. d5 {[%emt 0:02:13]} Nd4 {[%emt 0:01:15]} 6. Nxd4 {[%emt 0:01:06]} exd4 {[%emt 0:00:11]} 7. Bd3 {[%emt 0:01:03]} c5 {[%emt 0:00:35]} 8. O-O {[%emt 0:03:04]} d6 {[%emt 0:00:45]} 9. f4 {[%emt 0:04:16]} Ne7 {[%emt 0:08:16]} 10. Qe2 {[%emt 0:03:05]} O-O {[%emt 0:02:37]} 11. Nd2 {[%emt 0:02:25]} Re8 {[%emt 0:02:02]} 12. Qf2 {[%emt 0:02:15]} f5 {[%emt 0:03:18]} 13. Re1 {[%emt 0:05:48]} fxe4 {[%emt 0:01:59]} 14. Nxe4 {[%emt 0:02:12]} Bf5 {[%emt 0:10:14]} 15. Bd2 {[%emt 0:05:00]} Qd7 {[%emt 0:02:19]} 16. Kh1 {[%emt 0:10:11]} Bxe4 {[%emt 0:17:21]} 17. Rxe4 {[%emt 0:04:14]} Nf5 {[%emt 0:03:10]} 18. Rae1 {[%emt 0:03:44]} Rxe4 {[%emt 0:01:56]} 19. Bxe4 {[%emt 0:01:08]} Re8 {[%emt 0:01:02]} 20. Bd3 {[%emt 0:08:02]} Kf8 {[%emt 0:03:41]} 21. b3 {[%emt 0:01:19]} Rxe1+ {[%emt 0:14:08]} 22. Qxe1 {[%emt 0:00:30]} h5 {[%emt 0:06:20]} 23. Qe2 {[%emt 0:03:22]} 1/2-1/2

[Event "NOR-chT Eliteserien 2018-19"]
[Site "Norway"]
[Date "2018.11.04"]
[Round "3"]
[White "Machlik, Edit"]
[Black "Getz, Nicolai"]
[Result "1/2-1/2"]
[WhiteElo "2110"]
[BlackElo "2392"]
[Annotator "broadcasts RC"]
[PlyCount "41"]
[EventDate "2018.11.02"]
[EventType "team-tourn"]
[EventCountry "NOR"]
[TimeControl "40/5400+30:1800+30"]

1. d4 {[%emt 0:00:00]} Nf6 {[%emt 0:00:00]} 2. c4 {[%emt 0:00:00]} g6 {[%emt 0:00:00]} 3. Nc3 {[%emt 0:00:00]} d5 {[%emt 0:00:00]} 4. Bf4 {[%emt 0:01:35]} Bg7 {[%emt 0:02:20]} 5. Nf3 {[%emt 0:03:58]} Na6 {[%emt 0:13:14]} 6. e3 {[%emt 0:09:16]} c5 {[%emt 0:04:27]} 7. dxc5 {[%emt 0:02:19]} Qa5 {[%emt 0:00:44]} 8. Rc1 {[%emt 0:20:08]} O-O {[%emt 0:16:00]} 9. cxd5 {[%emt 0:12:57]} Nxc5 {[%emt 0:00:17]} 10. Qd2 {[%emt 0:05:57]} b6 {[%emt 0:14:12]} 11. Bc4 {[%emt 0:13:54]} Ba6 {[%emt 0:05:19]} 12. Bxa6 {[%emt 0:02:27]} Qxa6 {[%emt 0:00:23]} 13. Qe2 {[%emt 0:01:12]} Qb7 {[%emt 0:09:44]} 14. d6 {[%emt 0:03:52]} Rad8 {[%emt 0:03:54]} 15. O-O {[%emt 0:01:35]} exd6 {[%emt 0:02:52]} 16. Rfd1 {[%emt 0:01:56]} d5 {[%emt 0:00:46]} 17. Nb5 {[%emt 0:01:47]} Qa6 {[%emt 0:01:26]} 18. Nc3 {[%emt 0:03:19]} Qb7 {[%emt 0:00:18]} 19. Nb5 {[%emt 0:00:14]} Qa6 {[%emt 0:03:20]} 20. Nc3 {[%emt 0:02:05]} Qb7 {[%emt 0:00:46]} 21. Nb5 1/2-1/2